Sept nouvelles merveilles du monde par image - Mort subite - Statistiques

Statistiques générales
  • Ce quiz a été pris 187 fois
  • Le résultat moyen est 4 sur 7
Answers on the Grid
Answers color-coded by a green-red scale on the quiz's grid according to % correct below.
 
Statistiques - réponses
Réponse % Correct
66%
62%
61%
60%
59%
58%
55%
Aucun quiz correspondant
Distribution des résultats
% des personnes avec chaque résultat
Percentile par nombre de réponses
Votre historique - résultats
Vous n’avez pas pris ce quiz